| 000 | 01268nam2a22002411 4500 | ||
|---|---|---|---|
| 001 | rc\4457351 | ||
| 005 | 20250612090752.0 | ||
| 021 |
_aRU _b[58-28908] |
||
| 035 | _a(NLR Aleph) 008590584 | ||
| 090 |
_a8641258 _c8641258 |
||
| 100 | _a20130416d1958 |||y0rusy50 ca | ||
| 101 | 0 | _arus | |
| 102 | _aRU | ||
| 105 | _ay z ||||| | ||
| 200 | 1 |
_aПленарные заседания _fВсесоюз. совет науч.-техн. обществ. Ком. по коррозии и защите металлов. Акад. наук СССР. Комис. по борьбе с коррозией металлов. Всесоюз. науч.-техн. совещание по коррозии и защите металлов |
|
| 210 |
_d1958 _aБ. м. |
||
| 215 | _a69 с. | ||
| 461 | 0 |
_1001rc\4457344 _12001#$aТезисы докладов и сообщений$eСб. 1-$vСб. 7 _98641217 _aВсесоюзное научно-техническое совещание по коррозии и защите металлов (1958 ; Москва) _cМосква _d1958 _nПрофиздат _oСб. 1- _tТезисы докладов и сообщений _vСб. 7 |
|
| 801 | 0 |
_aRU _bNLR _gpsbo |
|
| 801 | 1 |
_aRU _bELAR _2rusmarc |
|
| 852 |
_aNLR _j58-6/1734 |
||
| 942 | _cBOOK | ||
| 980 | _aNB | ||